|
|
|
|
| LEADER |
00000 a a2200000 04500 |
| 001 |
32464 |
| 003 |
|
| 040 |
|
|
|
| 020 |
|
|
|a 987-1183-28-3
|
| 090 |
|
|
|a 202500
|
| 100 |
|
|
|a Gentili, Pablo
|
| 245 |
|
|
|a Espacio público y privatización del conocimiento: estudios sobre políticas universitarias en América Latina /
|c Pablo Gentili
|
| 260 |
|
|
|a Buenos Aires:
|b CLACSO
|
| 300 |
|
|
|a 574 p.
|
| 650 |
|
|
|a EDUCACION PUBLICA
|
| 650 |
|
|
|a ENSEÑANZA SUPERIOR
|
| 650 |
|
|
|a REFORMA DE LA EDUCACION
|
| 650 |
|
|
|a PRIVATIZACION
|
| 650 |
|
|
|a POLITICA EDUCATIVA
|
| 650 |
|
|
|a AMERICA LATINA
|
| 650 |
|
|
|a FINANCIAMIENTO
|
| 650 |
|
|
|a UNIVERSIDADES
|
| 650 |
|
|
|a DOCENTES
|
| 650 |
|
|
|a FORMACION PROFESIONAL
|
| 650 |
|
|
|a SITUACION LABORAL
|
| 650 |
|
|
|a FINANCIAMIENTO
|
| 650 |
|
|
|a PRESUPUESTO DE LA EDUCACION
|
| 700 |
|
|
|a comp.
|a Levy, Bettina
|a comp.
|
| 999 |
|
|
|c 17623
|d 17623
|